00437nam a2200169Ia 450000500170000000800410001704000190005804100120007708200160008910000180010524500340012326000400015730000150019750400190021265000260023185000100025720221118124004.0131103s9999 xx 000 0 und d aLoreto College aEnglish a954.03bMAJ aMajumdar,R.C. aRenascent IndiacR.C.Majumdar aCalcuttabG.Bharadwaj and Co.c1976 aii,290 p.  aIncludes index aIndian Modern History aLCLIB